000 00419nam a2200169Ia 4500
005 20250423100202.0
008 250422s9999 xx 000 0 und d
020 _a81-207-0101-1
050 _aLB 1028 .S53/
100 _aSidhu, Kulbir, Singh
245 0 _aMethodology of research in education
260 _aNew Delhi
260 _bSterling Publishing Private
260 _c2006
300 _a308 p
942 _cBK
999 _c32539
_d32539